<?xml version="1.0" encoding="UTF-8"?>
<collection xmlns="http://www.loc.gov/MARC21/slim">
 <record>
  <leader>00383nab a2200133 c 4500</leader>
  <controlfield tag="001">bibPHI0036607</controlfield>
  <controlfield tag="005">20200924123657.2</controlfield>
  <controlfield tag="008">100121s1998    rm                  hun  </controlfield>
  <datafield tag="100" ind1="1" ind2=" ">
   <subfield code="a">Kymlicka, Will</subfield>
  </datafield>
  <datafield tag="245" ind1="1" ind2="0">
   <subfield code="a">Államok, nemzetek és kultúrák I. II. </subfield>
   <subfield code="c">Will Kymlicka</subfield>
  </datafield>
  <datafield tag="695" ind1=" " ind2=" ">
   <subfield code="a">nemzet</subfield>
  </datafield>
  <datafield tag="695" ind1=" " ind2=" ">
   <subfield code="a">nacionalizmus</subfield>
  </datafield>
  <datafield tag="695" ind1=" " ind2=" ">
   <subfield code="a">politikaelmélet</subfield>
  </datafield>
  <datafield tag="773" ind1="0" ind2=" ">
   <subfield code="t">Korunk</subfield>
   <subfield code="g">1998:7. p. 67-78. és 8. p. 85-95.</subfield>
  </datafield>
 </record>
</collection>
